Turning Red - Characters by Picture - Statistics

General Stats
  • This quiz has been taken 112 times
  • The average score is 6 of 13
Answer Stats
Picture Answer % Correct
Meilin 'Mei' Lee
91%
Abby Park
75%
Ming Lee
65%
Priya Mangal
60%
Miriam Mendelsohn
58%
Jin Lee
55%
Tyler Nguyen-Baker
51%
Devon
44%
Grandma Wu
36%
Mr. Gao
33%
Stacy Frick
33%
Mr. Kieslowski
22%
Lauren
15%
No matching quizzes found
Score Distribution
Percent of People with Each Score
Percentile by Number Answered
Your Score History
You have not taken this quiz